| 000 | 00428nam a2200157Ia 4500 | ||
|---|---|---|---|
| 008 | 240729s9999 xx 000 0 und d | ||
| 022 | _a2724-086X | ||
| 245 | 0 | _aOBOE | |
| 260 | _aItaly | ||
| 260 | _bOBOE On Biennials and Other Exhibitions Associazione Culturale | ||
| 650 | _a Arts in general | ||
| 650 | _aFine Arts | ||
| 856 | _uhttps://doaj.org/toc/d24a30f2726b475da40bf030f428140e | ||
| 942 | _2ddc | ||
| 942 | _cDOAJEJ | ||
| 999 |
_c66150 _d66150 |
||
| 945 |
_a1 _bMadushi Gamage _c1 _dMadushi Gamage |
||